Revue sociálno-ekonomického rozvoja vedecký recenzovaný on-line časopis

Guardado en:
Detalles Bibliográficos
Formato: Seriadas
Lenguaje:eslovaco
Publicado: Bratislava Katedra sociálneho rozvoja a práce NHF EU 2015
Etiquetas: Agregar Etiqueta
Sin Etiquetas, Sea el primero en etiquetar este registro!

MARC

LEADER 00000nas2a2200000 4500
001 0211213
005 20170710134345.5
022 |a 2453-6148 
041 0 |a slo 
044 |a SK 
245 1 0 |a Revue sociálno-ekonomického rozvoja  |b vedecký recenzovaný on-line časopis 
264 1 |a Bratislava  |b Katedra sociálneho rozvoja a práce NHF EU  |c 2015 
773 0 |w eu_un_cat*0206241